| 000 | 00000nam##2200000za#4500 |
| 001 | 9.679990 |
| 003 | CaOODSP |
| 005 | 20240212134143 |
| 007 | ta |
| 008 | 150407|1997||||xxc||||| f|0| 0 fre|d |
| 020 | |a0-662-81752-4 |
| 040 | |aCaOODSP|bfre |
| 043 | |an-cn--- |
| 086 | 1 |aNE23-27/1997F |
| 110 | 1 |aCanada. |bOffice national de l'énergie. |
| 245 | 10|aÉvaluation du marché du gaz naturel: contrats à long terme d'approvisionnement en gaz natural canadien: mise à jour |
| 260 | |aCalgary - Alberta : |bOffice national de l'énergie |c1997. |
| 300 | |a49p. : |bgraphiques, tableaux ; |c28 cm. |
| 500 | |aSommaire: Introduction.--Tendances liées à la structure des contrats à long terme d'approvisionnement en gaz naturel canadien.--Modalités des contrats d'approvisionnement en gaz naturel.--Sommaire et conclusions.--Glossaire.--Annexe A: Étude sur les contrats à long terme de gaz naturel. |
| 563 | |aCouverture souple |
| 590 | |a97-07|b1997-02-14 |
| 691 | 07|aGaz naturel|2gcpds |
| 775 | 08|tNatural gas market assessment: long-term Canadian natural gas contracts: an update |w(CaOODSP)9.646440 |
| 776 | 0#|tÉvaluation du marché du gaz naturel : |w(CaOODSP)9.640112 |